Państwa uznawane przez Bhutan - Statystyki

Ogólne statystyki
  • Ten quiz został rozwiązany 393 razy
  • Średni wynik to 26 z 54
Statystyki odpowiedzi
Kontynent Państwo % Poprawnych
Europa Polska
96%
Europa Niemcy
82%
Azja Indie
78%
Ameryka Północna Kanada
72%
Oceania Australia
69%
Ameryka Południowa Brazylia
66%
Azja Japonia
66%
Europa Hiszpania
64%
Azja Nepal
63%
Europa Szwecja
62%
Ameryka Południowa Argentyna
61%
Europa Norwegia
60%
Afryka Egipt
57%
Europa Finlandia
57%
Europa Czechy
56%
Azja Korea Południowa
54%
Azja Pakistan
54%
Azja Turcja
54%
Europa Słowacja
53%
Europa Dania
52%
Azja Indonezja
52%
Azja Wietnam
51%
Europa Austria
49%
Azja Afganistan
48%
Europa Belgia
48%
Europa Holandia
48%
Ameryka Południowa Kolumbia
48%
Azja Mongolia
48%
Europa Szwajcaria
48%
Azja Tajlandia
48%
Azja Kazachstan
45%
Azja Bangladesz
44%
Azja Armenia
43%
Ameryka Północna Kuba
43%
Azja Mjanma
42%
Azja Azerbejdżan
41%
Azja Izrael
41%
Europa Serbia
41%
Europa Andora
39%
Azja Oman
38%
Europa Słowenia
38%
Azja Zjednoczone Emiraty Arabskie
38%
Europa Luksemburg
34%
Afryka Maroko
34%
Azja Singapur
33%
Azja Tadżykistan
32%
Azja Bahrajn
30%
Oceania Fidżi
30%
Azja Kuwejt
30%
Azja Sri Lanka
30%
Ameryka Północna Kostaryka
25%
Azja Malediwy
22%
Afryka Eswatini
5%
Afryka Mauritius
4%
Nie znaleziono quizów pasujących do podanych kryteriów
Rozkład punktacji
Procent ludzi z każdym wynikiem
Percentyl według liczby udzielonych odpowiedzi
Twoja historia wyników
Nie rozwiązałeś tego quizu